Survivance des sites monastiques paléochrétiens dans le Proche-Orient /

محفوظ في:

المؤلف الرئيسي: Thirard, Catherine (مؤلف)

مؤلف مشترك: Institut français d'archeologie orientale du Caire.

التنسيق: كتاب

اللغة: French

منشور في: Le Caire : Institut Français d'Archéologie Orientale, 2012.

سلاسل: Bibliotheque d'etudes Coptes ; 20.
BEC ; 20.

الموضوعات:

الوسوم: إضافة وسم

لا توجد وسوم, كن أول من يضع وسما على هذه التسجيلة!

رقم الطلب: PJ2195 .B5 v.20

LEADER 01075nam a22003137a 4500
003 OSt
005 20251027124105.0
008 251027t2012 fr be b 000 0 fre d
020 |a 9782724705720 
040 |c ARCE Library 
043 |a aw-----  
050 1 4 |a PJ2195  |b .B5 v.20 
100 1 |a Thirard, Catherine,  |e author  |9 41046 
245 1 0 |a Survivance des sites monastiques paléochrétiens dans le Proche-Orient /  |c Catherine Thirard.  
264 1 |a Le Caire :   |b Institut Français d'Archéologie Orientale,   |c 2012.  
300 |a 133 pages :   |b maps, plans ;   |c 28 cm.  
490 1 |a Bibliotheque d'etudes Coptes ;   |v 20. 
490 1 |a BEC ;   |v 20. 
504 |a Includes bibliographical references (p. [75]-97). 
555 |a Nabil 
650 0 |a Monasteries  |x History. 
650 0 |a Monasteries  |z Middle East.  
650 0 |a Archaeology and religion  |z Middle East.  
710 2 |a Institut français d'archeologie orientale du Caire.  
830 0 |a Bibliotheque d'etudes Coptes ;   |v 20. 
830 0 |a BEC ;   |v 20. 
901 |a reviewed 
942 |c BK  |2 lcc 
999 |c 21317  |d 21317